000 00422nam a22001817a 4500
003 OSt
005 20190204172143.0
008 160823b xxu||||| |||| 00| 0 eng d
020 _a8171671047
040 _cCST
050 _aD204
082 _222
_a580
100 _aVijay, G. Padma.
245 _a1000 plant quiz /
260 _aCalcutta,
_bRupa & Co.,
_cc1992.
300 _a134p. ;
_bill. ;
_c18 cm.
942 _2ddc
_cGEN
999 _c6449
_d6449